Plan de manejo y ordenamiento ambiental participativo para la microcuenca del río Fusavita, parte alta (desde su nacimiento hasta la confluencia con la quebrada la Hundida) en los municipios de Chinavita y Ramiriqui (Boyacá) (Registro nro. 3566)

Detalles MARC
000 -CABECERA
Campo de control 01018nam a2200289 a 4500
005 - FECHA Y HORA DE LA ULTIMA TRANSACCION
Campo de control 20200104041541.0
008 - ELEMENTOS DE LONGITUD FIJA—INFORMACION GENERAL
Campo de control 140312b2000 ck ||||| |||| 00| 0 spa d
040 ## - FUENTE DE CATALOGACIÓN
Agencia catalogadora original CO-BoIAVH
Agencia transcriptora CO-BoIAVH
041 ## - IDIOMA
Código de idioma para texto/pista de sonido o título separado Español
044 ## - PAÍS DE PUBLICACIÓN
País de publicación Colombia
090 ## - CLASIFICACIÓN LOCAL
Colección LB
Consecutivo 03343
100 ## - ASIENTO PRINCIPAL--NOMBRE PERSONAL
Nombre personal Peña Bohórquez, Luz Marina
245 #0 - MENCION DE TITULO
Título Plan de manejo y ordenamiento ambiental participativo para la microcuenca del río Fusavita, parte alta (desde su nacimiento hasta la confluencia con la quebrada la Hundida) en los municipios de Chinavita y Ramiriqui (Boyacá)
260 ## - PUBLICACION, DISTRIBUCION, ETC. (PIE DE IMPRENTA)
Lugar de publicación, distribución, etc. Bogotá?
Fecha de publicación, distribución, etc. 2000?
Nombre del editor, distribuidor, etc. s.e.
300 ## - DESCRIPCION FISICA
Extensión 152 p.
650 #6 - ASIENTO SECUNDARIO DE MATERIA - TERMINO TEMATICO
Término temático o nombre geográfico como elemento de entrada Flora
650 #6 - ASIENTO SECUNDARIO DE MATERIA - TERMINO TEMATICO
Término temático o nombre geográfico como elemento de entrada Educación Ambiental
650 #6 - ASIENTO SECUNDARIO DE MATERIA - TERMINO TEMATICO
Término temático o nombre geográfico como elemento de entrada Fauna
650 #6 - ASIENTO SECUNDARIO DE MATERIA - TERMINO TEMATICO
Término temático o nombre geográfico como elemento de entrada Desarrollo sostenible
700 ## - ASIENTO SECUNDARIO - NOMBRE PERSONAL
Nombre personal Díaz Torres, Angel
700 ## - ASIENTO SECUNDARIO - NOMBRE PERSONAL
Nombre personal Rodríguez, Yolanda
700 ## - ASIENTO SECUNDARIO - NOMBRE PERSONAL
Nombre personal Bravo Niño, Oscar Armando
700 ## - ASIENTO SECUNDARIO - NOMBRE PERSONAL
Nombre personal Galvis Rueda, Manuel
700 ## - ASIENTO SECUNDARIO - NOMBRE PERSONAL
Nombre personal Bravo Niño, Claudia Lily
942 ## - ELEMENTOS ADICIONALES (KOHA)
Sistema de clasificación Local
Tipo de ítem Informe Técnico
945 ## - PROCESAMIENTO LOCAL
AAAA-MM-DD - Fecha de ingreso o modificacion 2004-01-22
Existencias
Withdrawn status Lost status Sistema de Clasificación Damaged status No para préstamo Colección Inventariado Ubicación Permanente Ubicación actual Fecha de adquisición Fuente de Valor Total Checkouts Número topográfico Inventario / Código de Barras Date last seen Ejemplar Price effective from Forma de adquisición Tipo de material
    Local     General Inventariado 2017 Bogotá Bogotá 22/01/2004 Ochoa, Diego   LB-03343 015097 04/12/2012 Ej. 1 04/12/2012 Compra Informe Técnico